Statistics for Layers of Eastern China

Click here to take the quiz!

General Stats

  • This quiz has been taken 8 times
  • The average score is 3 of 7

Answer Stats

Layer% Correct
{Himalaya} Mountains
80%
{Tibetan} Plateau
80%
{Altay} Mountains
60%
{Tian} Shan
60%
{Dzungarian} Basin
20%
{Kunlun} Mountains
20%
{Taklimikan} Desert
20%

Score Distribution

Percentile by Number Answered

Percent of People with Each Score

Your Score History

You have not taken this quiz